000 00714nam a22002657a 4500
003 OSt
005 20150527085107.0
008 130814t xxu||||| |||| 00| 0 eng d
020 _a9780199134137
050 _aHB 171.5
_b.M938 2000
082 _aHS 330
_bM87 2000
100 _aMoynihan, Dan
_910201
245 _aEconomics :
_ba complete course /
_cDan Moynihan, Brian Titley.
250 _a3rd ed.
260 _aNew York :
_bOxford University Press,
_c2000.
300 _a439 pages :
_billustrations ;
_c26 cm.
500 _aIncludes index.
650 _aEconomics
_97586
700 _aTitley, Brian.
942 _2lcc
_cBK
999 _c284374
_d284374